书目信息 |
| 题名: |
城市轨道交通
|
|
| 作者: | 蔡君时 编著 | |
| 分册: | ||
| 出版信息: | 上海 同济大学出版社 2000.03 |
|
| 页数: | 85页 | |
| 开本: | 20开 | |
| 丛书名: | ||
| 单 册: | ||
| 中图分类: | U231 | |
| 科图分类: | ||
| 主题词: | 铁路--特种 | |
| 电子资源: | ||
| ISBN: | 7-5608-2126-X | |
| 000 | 00545nam0 2200193 45 | |
| 001 | 0009161834 | |
| 005 | 20001113164839.5 | |
| 010 | @a7-5608-2126-X@d11.50元 | |
| 100 | @a20000916d2000 km y0chiy0120 ea | |
| 101 | 0 | @achi |
| 105 | @a z 000yy | |
| 200 | 1 | @a城市轨道交通@ACheng Shi Gui Dao Jiao Tong@f蔡君时编著@FCai Jun Shi Bian Zhu |
| 210 | @a上海@c同济大学出版社@d2000.03 | |
| 215 | @a85页@d20开 | |
| 606 | 0 | @a铁路@x特种 |
| 690 | @aU231@v3 | |
| 701 | 0 | @a蔡君时@4编著 |
| 801 | @aCN@bPftUser@c20000916 | |
| 905 | @dU231@eC785@b402537-541@f5 | |
| 城市轨道交通/蔡君时编著.-上海:同济大学出版社,2000.03 |
| 85页;20开 |
| ISBN 7-5608-2126-X:11.50元 |
| ● |
| 相关链接 |
|
|
|
正题名:城市轨道交通
索取号:U231/C785
 
预约/预借
| 序号 | 登录号 | 条形码 | 馆藏地/架位号 | 状态 | 备注 |
| 1 | 402537 | 204025376 | 自科二线400A/400A自科库 34排1列3层/ [索取号:U231/C785] | 在馆 | |
| 2 | 402538 | 204025385 | 自科二线400A/400A自科库 34排1列4层/ [索取号:U231/C785] | 在馆 | |
| 3 | 402539 | 204025394 | 自科二线400A/400A自科库 34排1列4层/ [索取号:U231/C785] | 在馆 | |
| 4 | 402540 | 204025401 | 自科二线400A/400A自科库 34排1列4层/ [索取号:U231/C785] | 在馆 | |
| 5 | 402541 | 204025410 | 自科二线400A/400A自科库 35排3列5层/ [索取号:U231/C785] | 在馆 |